000 00459nam a2200169Ia 4500
999 _c3244
_d3244
003 OSt
005 20200909104646.0
008 190216s9999||||xx |||||||||||||| ||und||
040 _coclc
082 _a539.7
_bRAJ/A
100 _aRajam, J B
_94513
245 0 _aAtomic Physics /
_cJ B Rajam
260 _bS Chand & Company,
_aNew Delhi:
_c2004.
300 _a1279p
650 _aChemistry
942 _cBK
_2ddc
_h539.7
_iRAJ/A
_k539.7
_mRAJ/A